LEADER 01174nam a2200253 i 4500 001 991000424509707536 008 081217s2008 it b 000 0 ita d 020 $a9788883639845 035 $ab13855220-39ule_inst 040 $aSet. Economia - SAGA$bita 082 04$a658.8 100 1 $aVescovi, Tiziano$0118001 245 13$aLa guida del Sole 24 ore al piano di marketing :$bgli strumenti e le modalità per pianificare la strategia giusta per ogni azienda : pianificazione strategica e relazioni con il mercato, cultura d'impresa e gestione per processi, creatività e operatività /$cTiziano Vescovi ; prefazione di Umberto Collesei 250 $a2. ed 260 $aMilano :$bIl Sole 24 ore,$c2008 300 $axi, 275 p. ;$c24 cm 504 $aBibliografia: p. 265-275 650 04$aMarketing$xPianificazione 907 $a.b13855220$b02-04-14$c05-11-09 912 $a991000424509707536 945 $aLE025 ECO 658.8 VES01.01$g1$i2025000229969$lle025$nProf. Maizza$o-$pE34.00$q-$rl$s- $t0$u19$v4$w19$x0$y.i15041712$z02-12-09 996 $aGuida del Sole 24 ore al piano di marketing$9228766 997 $aUNISALENTO 998 $ale025$b05-11-09$cm$da $e-$fita$git $h3$i0 LEADER 04306nam 2200613 a 450 001 9910810917703321 005 20240514070733.0 010 $a9786613175601 010 $a9781118010525 010 $a1118010523 010 $a9781118010549 010 $a111801054X 010 $a9781283175609 010 $a1283175606 010 $a9781118010532 010 $a1118010531 035 $a(CKB)2550000001227831 035 $a(MiAaPQ)EBC818696 035 $a(MiAaPQ)EBC4030353 035 $a(Au-PeEL)EBL818696 035 $a(CaPaEBR)ebr10484895 035 $a(CaONFJC)MIL317560 035 $a(OCoLC)747412841 035 $a(PPN)17929637X 035 $a(Perlego)1012091 035 $a(EXLCZ)992550000001227831 100 $a20110311d2011 uy 0 101 0 $aeng 135 $aurcn||||||||| 181 $2rdacontent 182 $2rdamedia 183 $2rdacarrier 200 00$aHandbook of molecular microbial ecology II $emetagenomics in different habitats /$fedited by Frans J. de Bruijn 205 $a1st ed. 210 $aHoboken, N.J. $cWiley-Blackwell$dc2011 215 $axx, 609 p. $cill. (some col.), maps (some col.) 311 08$a9780470647196 311 08$a0470647191 320 $aIncludes bibliographical references and index. 327 $apt. 1. Viral genomes -- pt. 2. The soil habitat -- pt. 3. The digestive tract -- pt. 4. Marines and lakes -- pt. 5. Other habitats -- pt. 6. Biodegradation -- pt. 7. Biocatalysts and natural products -- pt. 8. Summary. 330 8 $aThe premiere two-volume reference on revelations from studying complex microbial communities in many distinct habitats Metagenomics is an emerging field that has changed the way microbiologists study microorganisms. It involves the genomic analysis of microorganisms by extraction and cloning of DNA from a group of microorganisms, or the direct use of the purified DNA or RNA for sequencing, which allows scientists to bypass the usual protocol of isolating and culturing individual microbial species. This method is now used in laboratories across the globe to study microorganism diversity and for isolating novel medical and industrial compounds. Handbook of Molecular Microbial Ecology is the first comprehensive two-volume reference to cover unculturable microorganisms in a large variety of habitats, which could not previously have been analyzed without metagenomic methodology. It features review articles as well as a large number of case studies, based largely on original publications and written by international experts. This second volume, Metagenomics in Different Habitats, covers such topics as: * Viral genomes * Metagenomics studies in a variety of habitats, including marine environments and lakes, soil, and human and animal digestive tracts * Other habitats, including those involving microbiome diversity in human saliva and functional intestinal metagenomics; diversity of archaea in terrestrial hot springs; and microbial communities living at the surface of building stones * Biodegradation * Biocatalysts and natural products A special feature of this book is the highlighting of the databases and computer programs used in each study; they are listed along with their sites in order to facilitate the computer-assisted analysis of the vast amount of data generated by metagenomic studies. Such studies in a variety of habitats are described here, which present a large number of different system-dependent approaches in greatly differing habitats. Handbook of Molecular Microbial Ecology II is an invaluable reference for researchers in metagenomics, microbial ecology, microbiology, and environmental microbiology; those working on the Human Microbiome Project; microbial geneticists; and professionals in molecular microbiology and bioinformatics. 606 $aMicrobial genomics 606 $aMicrobiology$xMethodology 615 0$aMicrobial genomics. 615 0$aMicrobiology$xMethodology. 676 $a572.8/629 701 $aBruijn$b F. J. de$g(Frans J. de)$0521522 801 0$bMiAaPQ 801 1$bMiAaPQ 801 2$bMiAaPQ 906 $aBOOK 912 $a9910810917703321 996 $aHandbook of molecular microbial ecology II$94041665 997 $aUNINA LEADER 02880oam 2200517I 450 001 9910153195103321 005 20240501164502.0 010 $a1-315-51733-7 010 $a1-315-51731-0 010 $a1-315-51732-9 024 7 $a10.4324/9781315517339 035 $a(CKB)3710000000960712 035 $a(MiAaPQ)EBC4748663 035 $a(OCoLC)964527914 035 $a(EXLCZ)993710000000960712 100 $a20180706d2017 uy 0 101 0 $aeng 135 $aurcnu|||||||| 181 $2rdacontent 182 $2rdamedia 183 $2rdacarrier 200 10$aActing, spectating, and the unconscious $ea psychoanalytic perspective on unconscious processes of identification in the theatre /$fMaria Grazia Turri 205 $a1st ed. 210 1$aNew York :$cRoutledge,$d2017. 215 $a1 online resource (145 pages) 225 1 $aRoutledge Advances in Theatre & Performance Studies 311 08$a1-138-69924-1 320 $aIncludes bibliographical references at the end of each chapters and index. 327 $a1. Theorizing theatre spectatorship -- 2. Transference and katharsis, Freud to Aristotle -- 3. The Paradoxe inside out -- 4. The emotionalist theory of acting -- 5. Unconscious emotional processing in alpha-function -- 6. Acting and spectating in alpha-function. 330 $aFrom Aristotle's theory of tragic katharsis onwards, theorists of the theatre have long engaged with the question of what spectatorship entails. This question has, directly or indirectly, often been extended to the investigation of acting. Acting, Spectating, and the Unconscious approaches the unconscious aspects of spectatorship and acting afresh. Interweaving psychoanalytic descriptions of processes such as transference, unconscious phantasy, and alpha-function with an in-depth survey of theories of spectating and acting from Aristotle and Brecht to Diderot's Paradox of Acting and the emotionalist theories of the eighteenth century, Maria Grazia Turri offers a significant insight into the emotions inherent in both the art of the actor, and the spectator's experience. A compelling investigation of the unconscious communication between spectators and actors, this volume is a must-read for students and scholars fascinated by theatre spectatorship. 410 0$aRoutledge advances in theatre and performance studies. 606 $aTheater audiences$xPsychology 606 $aActing$xPsychological aspects 606 $aTheater and society 615 0$aTheater audiences$xPsychology. 615 0$aActing$xPsychological aspects. 615 0$aTheater and society. 676 $a792.01 700 $aTurri$b Maria Grazia.$0612968 801 0$bMiAaPQ 801 1$bMiAaPQ 801 2$bMiAaPQ 906 $aBOOK 912 $a9910153195103321 996 $aActing, spectating, and the unconscious$91979892 997 $aUNINA